[Event "Montreal CC-ch"]
[Site "Montreal CAN"]
[Date "2025.06.15"]
[Round "4.10"]
[White "Millette, Sylvain"]
[Black "Hartner, Rian"]
[Result "1-0"]
[WhiteElo "1547"]
[BlackElo "1826"]
[WhiteFideId "-1"]
[WhiteFideId "-1"]
[PlyCount "117"]
[GameId "2190426689863767"]
[EventDate "2025.06.13"]
[EventType "swiss"]
[EventRounds "5"]
[EventCountry "CAN"]

1. Nf3 Nf6 2. g3 g6 3. Bg2 Bg7 4. d4 O-O 5. O-O d6 6. e3 Nbd7 7. b3 e5 8. dxe5 Ng4 9. Bb2 Ngxe5 10. Qc1 Nxf3+ 11. Bxf3 Ne5 12. Bg2 c6 13. f4 Nd7 14. Bxg7 Kxg7 15. Qb2+ Kg8 16. Nd2 Re8 17. e4 Nb6 18. Qd4 Qc7 19. c4 Bd7 20. h3 Rad8 21. Rac1 f5 22. exf5 Bxf5 23. Ne4 Bxe4 24. Bxe4 d5 25. cxd5 Nxd5 26. Bxd5+ Rxd5 27. Qxd5+ Kf8 28. Qd4 Kg8 29. Rfe1 Rf8 30. Re2 Qc8 31. Re7 Rf7 32. Rxf7 Kxf7 33. Kg2 Qe8 34. Qe5 Qd7 35. Re1 b6 36. g4 a5 37. f5 b5 38. Qe6+ Qxe6 39. Rxe6 c5 40. Kf2 c4 41. bxc4 bxc4 42. Ke3 a4 43. Kd2 h5 44. Rxg6 hxg4 45. hxg4 a3 46. Kc3 Kf8 47. Kxc4 Kf7 48. Re6 Kf8 49. Kb3 Kf7 50. Kxa3 Kf8 51. Kb4 Kf7 52. a4 Kf8 53. a5 Kf7 54. a6 Kf8 55. a7 Kf7 56. a8=Q Kg7 57. Qd8 Kh7 58. Qd7+ Kg8 59. Re8# 1-0

[Event "Montreal CC-ch"]
[Site "Montreal CAN"]
[Date "2025.06.15"]
[Round "4.11"]
[White "Cebria, Gabriel"]
[Black "Cauchy-Vaillancourt, Marek"]
[Result "0-1"]
[WhiteElo "1810"]
[BlackElo "1544"]
[WhiteFideId "-1"]
[WhiteFideId "-1"]
[PlyCount "68"]
[GameId "2190426689863768"]
[EventDate "2025.06.13"]
[EventType "swiss"]
[EventRounds "5"]
[EventCountry "CAN"]

1. e4 e5 2. Nf3 Nc6 3. Bb5 Nf6 4. d4 Nxe4 5. Qe2 f5 6. O-O exd4 7. Rd1 Be7 8. Bxc6 bxc6 9. Nxd4 O-O 10. Ne6 dxe6 11. Rxd8 Rxd8 12. Nd2 Nc5 13. g3 Ba6 14. c4 Bc8 15. Nf3 Ne4 16. Be3 c5 17. Ne5 Bf6 18. f4 Bxe5 19. fxe5 Bb7 20. Rd1 Kf7 21. Qh5+ Kg8 22. a3 Ba6 23. b3 Nc3 24. Rxd8+ Rxd8 25. Kg2 Bb7+ 26. Kh3 Ne4 27. a4 Bc6 28. Qe2 h6 29. Qf1 Ng5+ 30. Bxg5 hxg5 31. Qe2 g6 32. g4 f4 33. Qc2 Kf7 34. Qe2 Rh8# 0-1

[Event "Montreal CC-ch"]
[Site "Montreal CAN"]
[Date "2025.06.15"]
[Round "4.12"]
[White "Gauthier, Luc"]
[Black "Cossette, Richard"]
[Result "0-1"]
[WhiteElo "1487"]
[BlackElo "1760"]
[WhiteFideId "-1"]
[WhiteFideId "-1"]
[PlyCount "86"]
[GameId "2190426689867865"]
[EventDate "2025.06.13"]
[EventType "swiss"]
[EventRounds "5"]
[EventCountry "CAN"]

1. e4 d6 2. Nc3 g6 3. f4 Bg7 4. Nf3 Nf6 5. d3 Nbd7 6. g3 c6 7. Be3 Qa5 8. Bg2 Ng4 9. Bd2 Qb6 10. Rf1 Qxb2 11. Rb1 Qa3 12. Rb3 Qa6 13. h3 Ngf6 14. g4 Nc5 15. e5 Nxb3 16. axb3 dxe5 17. fxe5 Nd5 18. Ne4 O-O 19. c4 Nc7 20. Bb4 f5 21. exf6 Bxf6 22. g5 Bg7 23. Bxe7 Rf7 24. Bf6 Bf5 25. Ne5 Bxf6 26. Nxf6+ Rxf6 27. gxf6 Qa5+ 28. Kf2 Qxe5 29. f7+ Kxf7 30. d4 Qf4+ 31. Kg1 Qe3+ 32. Kh1 Re8 33. d5 cxd5 34. cxd5 Kg7 35. d6 Nb5 36. d7 Rd8 37. Rxf5 gxf5 38. Qd5 Nd4 39. Qxb7 Qe1+ 40. Kh2 Qe5+ 41. Kh1 Qe1+ 42. Kh2 Ne2 43. Qc7 Qg1# 0-1

[Event "Montreal CC-ch"]
[Site "Montreal CAN"]
[Date "2025.06.15"]
[Round "4.13"]
[White "Allaire, Denis"]
[Black "Roy-Patenaude, Arthur"]
[Result "1-0"]
[WhiteElo "1667"]
[BlackElo "1065"]
[WhiteFideId "-1"]
[WhiteFideId "-1"]
[PlyCount "57"]
[GameId "2190426689867866"]
[EventDate "2025.06.13"]
[EventType "swiss"]
[EventRounds "5"]
[EventCountry "CAN"]

1. e4 Nc6 2. Nf3 e5 3. Nc3 Bc5 4. Nxe5 Nf6 5. Nd3 Bb6 6. Be2 O-O 7. Nf4 d6 8. O-O Ne7 9. d3 c5 10. Kh1 Be6 11. Bf3 Qd7 12. Nh5 Ng4 13. h3 Ne5 14. Bh6 Bxh3 15. Bxg7 Qe6 16. Bxf8 Bg4 17. Bxg4 Nxg4 18. Qxg4+ Qxg4 19. Nf6+ Kxf8 20. Nxg4 Kg7 21. Nd5 Nxd5 22. exd5 h5 23. Ne3 Kg6 24. Nc4 Bc7 25. Rae1 b5 26. Ne3 Bd8 27. c4 Bf6 28. cxb5 h4 29. Nc4 1-0

[Event "Montreal CC-ch"]
[Site "Montreal CAN"]
[Date "2025.06.15"]
[Round "4.14"]
[White "Ghaleb, Nathan"]
[Black "Bain-Thouverez, Aurelien"]
[Result "0-1"]
[WhiteElo "1375"]
[BlackElo "1754"]
[WhiteFideId "-1"]
[WhiteFideId "-1"]
[PlyCount "60"]
[GameId "2190426689871963"]
[EventDate "2025.06.13"]
[EventType "swiss"]
[EventRounds "5"]
[EventCountry "CAN"]

1. e4 c5 2. Nf3 a6 3. d4 cxd4 4. Nxd4 e5 5. Nb3 Nf6 6. Bd3 d5 7. exd5 Qxd5 8. O-O Bg4 9. f3 Be6 10. Nc3 Qd7 11. Qe2 Nc6 12. Be3 Bxb3 13. axb3 Be7 14. Rfd1 Qc8 15. Na4 Rb8 16. Nb6 Qc7 17. Bf5 Nd4 18. Bxd4 exd4 19. Re1 O-O 20. Nd7 Nxd7 21. Qxe7 Rbd8 22. Re4 d3 23. Rh4 Qb6+ 24. Kh1 Nf6 25. Bxd3 Qf2 26. Rh3 Rfe8 27. Qb4 Rd4 28. Qc3 Rxd3 29. cxd3 Nd5 30. Qa5 b6 0-1

[Event "Montreal CC-ch"]
[Site "Montreal CAN"]
[Date "2025.06.15"]
[Round "5.1"]
[White "Zheng, Richard"]
[Black "Ali, Nehad"]
[Result "1/2-1/2"]
[WhiteElo "2370"]
[BlackElo "1883"]
[WhiteFideId "-1"]
[WhiteFideId "-1"]
[PlyCount "108"]
[GameId "2190426689896548"]
[EventDate "2025.06.13"]
[EventType "swiss"]
[EventRounds "5"]
[EventCountry "CAN"]

1. d4 d5 2. Bg5 Nf6 3. e3 c6 4. Bd3 Bg4 5. Ne2 Nbd7 6. h3 Bh5 7. Bf4 Bg6 8. c4 Bxd3 9. Qxd3 e6 10. Nbc3 Bb4 11. O-O O-O 12. e4 dxe4 13. Nxe4 Nxe4 14. Qxe4 Nf6 15. Qf3 Be7 16. Qb3 Qd7 17. Rfd1 Rad8 18. Nc3 Qc8 19. Rac1 a6 20. d5 exd5 21. cxd5 Rfe8 22. dxc6 Rxd1+ 23. Nxd1 bxc6 24. Qc4 c5 25. b4 Bf8 26. Be3 Re4 27. Qc3 c4 28. Qb2 Nd5 29. Nc3 Nxc3 30. Qxc3 Qe6 31. a4 Qc6 32. Ra1 Re8 33. Rb1 Rb8 34. b5 axb5 35. axb5 Rxb5 36. Rc1 Rb4 37. Bd4 Qb5 38. Qc2 g6 39. Bc3 Rb3 40. Qe4 Bg7 41. Bxg7 Kxg7 42. Qd4+ Kg8 43. Qd8+ Kg7 44. Qd4+ Kg8 45. Rxc4 Rb1+ 46. Kh2 Qb8+ 47. f4 Re1 48. Qc3 Re8 49. Rc7 Qb6 50. Rc8 Qe6 51. Rxe8+ Qxe8 52. Qf6 Qe4 53. Kg3 h6 54. Kh2 Qd5 1/2-1/2

[Event "Montreal CC-ch"]
[Site "Montreal CAN"]
[Date "2025.06.15"]
[Round "5.2"]
[White "Genzling, Jerome"]
[Black "Jacquet, Stephane"]
[Result "1-0"]
[WhiteElo "2145"]
[BlackElo "2065"]
[WhiteFideId "-1"]
[WhiteFideId "-1"]
[PlyCount "131"]
[GameId "2190426689908842"]
[EventDate "2025.06.13"]
[EventType "swiss"]
[EventRounds "5"]
[EventCountry "CAN"]

1. e4 c5 2. Nf3 Nc6 3. Nc3 g6 4. d4 cxd4 5. Nxd4 Bg7 6. Nde2 Nf6 7. g3 b5 8. Bg2 Rb8 9. a3 O-O 10. O-O d6 11. h3 Be6 12. Nd5 Nd7 13. Nef4 Bxd5 14. Nxd5 e6 15. Nc3 Nde5 16. Ra2 Qe7 17. Qe2 Nd4 18. Qd1 Ndc6 19. b3 Rfc8 20. Ne2 Rc7 21. Be3 Nd7 22. Qd2 Nc5 23. Rd1 Rd8 24. a4 bxa4 25. b4 Nd7 26. Rxa4 Nb6 27. Bxb6 axb6 28. f4 g5 29. c3 gxf4 30. gxf4 Bh6 31. Qd3 Qh4 32. Rf1 Ne7 33. Ra6 Ng6 34. Qf3 e5 35. fxe5 Nxe5 36. Qf2 Qxf2+ 37. Kxf2 Rdc8 38. Rd1 Nc4 39. Bf1 Re7 40. Ng3 Nd2 41. Bd3 Rec7 42. Nf5 Bf4 43. Rxb6 Kf8 44. Nxd6 Rd8 45. c4 Rxd6 46. Rxd6 Bxd6 47. Rxd2 Bxb4 48. Rb2 Bc5+ 49. Ke2 Bd4 50. Rb5 Rc5 51. Rb8+ Kg7 52. Kf3 Bc3 53. Rd8 Bb4 54. Rd7 h6 55. Be2 Kf6 56. Kf4 Rc6 57. Bh5 Ke6 58. Bg4+ Kf6 59. e5+ Kg6 60. Bf5+ Kg7 61. Bd3 Kf8 62. Ke4 Rc5 63. Kd4 Ke8 64. Rb7 Ba3 65. Ra7 Bc1 66. Ra8+ 1-0

[Event "Montreal CC-ch"]
[Site "Montreal CAN"]
[Date "2025.06.15"]
[Round "5.3"]
[White "Jenzen, David"]
[Black "Chapdelaine, Gwyn"]
[Result "0-1"]
[WhiteElo "1709"]
[BlackElo "2116"]
[WhiteFideId "-1"]
[WhiteFideId "-1"]
[PlyCount "92"]
[GameId "2190426689908843"]
[EventDate "2025.06.13"]
[EventType "swiss"]
[EventRounds "5"]
[EventCountry "CAN"]

1. d4 Nf6 2. Nc3 d5 3. Bf4 Bf5 4. e3 e6 5. Nf3 Bd6 6. Ne5 a6 7. g4 Bxe5 8. dxe5 Nxg4 9. f3 Nh6 10. e4 dxe4 11. Qxd8+ Kxd8 12. O-O-O+ Nd7 13. fxe4 Bg6 14. Be2 Ng8 15. h4 h5 16. Rd4 Ke7 17. Rhd1 Rd8 18. Na4 Nh6 19. Bg5+ f6 20. exf6+ gxf6 21. Bxh6 Rxh6 22. Nc5 Be8 23. Nxb7 Rb8 24. Bxa6 f5 25. Na5 e5 26. Rc4 Rxa6 27. Nc6+ Rxc6 28. Rxc6 fxe4 29. Rxc7 Ra8 30. a3 Ke6 31. Rg1 Nf6 32. Rg5 Rd8 33. Rc5 Ng4 34. Ra5 Rd6 35. Ra8 Bf7 36. Ra4 e3 37. Re4 Kd5 38. Rgxg4 hxg4 39. Rxe3 e4 40. Kd2 Ke5+ 41. Ke2 Kf4 42. b3 g3 43. Rc3 Bh5+ 44. Kf1 Rd1+ 45. Kg2 Bf3+ 46. Kh3 Rh1# 0-1

[Event "Montreal CC-ch"]
[Site "Montreal CAN"]
[Date "2025.06.15"]
[Round "5.4"]
[White "Cossette, Richard"]
[Black "Ramesan, Raunak"]
[Result "0-1"]
[WhiteElo "1760"]
[BlackElo "2022"]
[WhiteFideId "-1"]
[WhiteFideId "-1"]
[PlyCount "108"]
[GameId "2190426689908844"]
[EventDate "2025.06.13"]
[EventType "swiss"]
[EventRounds "5"]
[EventCountry "CAN"]

1. e4 c5 2. c3 Nf6 3. e5 Nd5 4. d4 cxd4 5. Qxd4 e6 6. Nf3 Nc6 7. Qe4 f5 8. Qa4 Qc7 9. c4 Nb6 10. Qd1 Nxe5 11. Bf4 Bb4+ 12. Nc3 Nd3+ 13. Bxd3 Qxf4 14. O-O O-O 15. Ne2 Qh6 16. Rc1 Be7 17. c5 Nd5 18. Qb3 b6 19. Ned4 Nf4 20. Nxf5 Rxf5 21. Bxf5 Ne2+ 22. Kh1 Nxc1 23. Qc4 Bb7 24. Be4 Bxe4 25. Qxe4 Rc8 26. b4 Nxa2 27. Qc4 Nxb4 28. Qxb4 Rxc5 29. Qa4 Rc1 30. Rxc1 Qxc1+ 31. Ng1 Qc7 32. Qe4 Qc6 33. Qd4 Qd6 34. Qa4 a5 35. h3 Bf6 36. Nf3 Qd5 37. Qc2 Qc6 38. Qd3 a4 39. Qa6 b5 40. Qa7 h6 41. h4 Qd5 42. Qb8+ Kh7 43. Qe8 a3 44. h5 Qd3 45. Nd2 a2 46. Nb3 a1=Q+ 47. Nxa1 Bxa1 48. Kh2 Bf6 49. Qf8 Qe4 50. Qe8 d5 51. g3 b4 52. f3 Qc2+ 53. Kh3 b3 54. Qxe6 b2 0-1

[Event "Montreal CC-ch"]
[Site "Montreal CAN"]
[Date "2025.06.15"]
[Round "5.5"]
[White "Lima-Barbosa, Raphael"]
[Black "Millette, Sylvain"]
[Result "1-0"]
[WhiteElo "1999"]
[BlackElo "1547"]
[WhiteFideId "-1"]
[WhiteFideId "-1"]
[PlyCount "77"]
[GameId "2190426689912941"]
[EventDate "2025.06.13"]
[EventType "swiss"]
[EventRounds "5"]
[EventCountry "CAN"]

1. c4 Nf6 2. Nc3 g6 3. g3 Bg7 4. Bg2 c6 5. e4 e5 6. Nge2 d6 7. O-O Be6 8. d3 Qd7 9. Be3 Bh3 10. d4 Bxg2 11. Kxg2 O-O 12. h3 a6 13. dxe5 dxe5 14. Qxd7 Nbxd7 15. Rfd1 Rfd8 16. Rd3 Nf8 17. Rad1 Ne6 18. Nc1 Rxd3 19. Rxd3 Rd8 20. Rxd8+ Nxd8 21. Bb6 Ne6 22. Nb3 Nd7 23. Be3 Bf8 24. Na5 Nd8 25. Na4 b5 26. Nb6 Nc5 27. Kf3 Ncb7 28. Nxb7 Nxb7 29. Nd7 Bd6 30. c5 Bc7 31. Nf6+ Kh8 32. Kg4 Nd8 33. Kg5 Ne6+ 34. Kh6 Nf8 35. b4 Bd8 36. Bg5 Be7 37. Nxh7 Bxg5+ 38. Nxg5 f6 39. Nf7+ 1-0

[Event "Montreal CC-ch"]
[Site "Montreal CAN"]
[Date "2025.06.15"]
[Round "5.6"]
[White "Cauchy-Vaillancourt, Marek"]
[Black "Navarro, Pavel"]
[Result "0-1"]
[WhiteElo "1544"]
[BlackElo "1991"]
[WhiteFideId "-1"]
[WhiteFideId "-1"]
[PlyCount "67"]
[GameId "2190426689912942"]
[EventDate "2025.06.13"]
[EventType "swiss"]
[EventRounds "5"]
[EventCountry "CAN"]

1. c4 Nf6 2. Nc3 g6 3. g3 Bg7 4. Bg2 O-O 5. e4 d6 6. Nge2 c5 7. O-O Nc6 8. d3 Ne8 9. Be3 Nd4 10. a3 a5 11. h3 Bd7 12. f4 e6 13. Bf2 a4 14. Nxd4 cxd4 15. Ne2 e5 16. Be1 b5 17. fxe5 bxc4 18. dxc4 dxe5 19. Bb4 Be6 20. Bxf8 Kxf8 21. Qd3 Qc8 22. Rac1 Rb8 23. Qc2 Bh6 24. Qxa4 Bxc1 25. Nxc1 Bxc4 26. Rf2 Bb5 27. Qc2 Nd6 28. Nb3 Qxc2 29. Rxc2 Ba4 30. Rc5 Bxb3 31. Rxe5 d3 32. Bf3 Nc4 33. Rd5 Nxb2 34. Rd4 0-1

[Event "Montreal CC-ch"]
[Site "Montreal CAN"]
[Date "2025.06.15"]
[Round "5.7"]
[White "Barko, Maxim"]
[Black "Allaire, Denis"]
[Result "1/2-1/2"]
[WhiteElo "1871"]
[BlackElo "1667"]
[WhiteFideId "-1"]
[WhiteFideId "-1"]
[PlyCount "87"]
[GameId "2190426689917039"]
[EventDate "2025.06.13"]
[EventType "swiss"]
[EventRounds "5"]
[EventCountry "CAN"]

1. d4 d5 2. c4 dxc4 3. e4 e5 4. Nf3 Bb4+ 5. Bd2 Bxd2+ 6. Qxd2 exd4 7. Qxd4 Qxd4 8. Nxd4 Bd7 9. Bxc4 Nc6 10. Nc2 Ne5 11. Be2 Ne7 12. Nc3 N7c6 13. O-O-O O-O-O 14. f4 Ng6 15. g3 h5 16. h4 Nge7 17. Ne3 g6 18. Ned5 Nxd5 19. Nxd5 Be6 20. Bc4 Rhe8 21. Bb5 Bg4 22. Rde1 Bf3 23. Bxc6 bxc6 24. Nf6 Bxh1 25. Nxe8 Rxe8 26. Rxh1 Rxe4 27. Kd2 Kd7 28. Rc1 Ra4 29. a3 Kd6 30. Rc3 Ra5 31. Re3 f6 32. Kc2 g5 33. fxg5 fxg5 34. hxg5 Rxg5 35. Kd2 c5 36. Kc3 Rg4 37. Rf3 Kc6 38. Kb3 a5 39. Rf6+ Kb5 40. Rf3 c6 41. Kc3 a4 42. Kd3 c4+ 43. Kc3 c5 44. Kc2 1/2-1/2

[Event "Montreal CC-ch"]
[Site "Montreal CAN"]
[Date "2025.06.15"]
[Round "5.8"]
[White "Atmani, Amine"]
[Black "Porlier, Xavier"]
[Result "1-0"]
[WhiteElo "1842"]
[BlackElo "1875"]
[WhiteFideId "-1"]
[WhiteFideId "-1"]
[PlyCount "93"]
[GameId "2190426689917040"]
[EventDate "2025.06.13"]
[EventType "swiss"]
[EventRounds "5"]
[EventCountry "CAN"]

1. d4 d5 2. c4 e6 3. Nc3 Nf6 4. Nf3 Be7 5. Bg5 h6 6. Bh4 O-O 7. e3 b6 8. cxd5 exd5 9. Bd3 Bb7 10. O-O Nbd7 11. Rc1 c5 12. Bb1 Ne4 13. Bxe7 Qxe7 14. Qd3 f5 15. dxc5 Ndxc5 16. Qd1 Rad8 17. Ne2 Ne6 18. Qa4 a6 19. Ne5 N6c5 20. Qd4 Rfe8 21. Ng6 Qf7 22. Nef4 a5 23. Rfd1 Rd6 24. f3 Ng5 25. b4 axb4 26. h4 Nge6 27. Qxb4 Nxf4 28. Nxf4 Rxe3 29. h5 Re8 30. a3 Red8 31. Re1 Bc8 32. Re5 Qf6 33. Rce1 Qf7 34. g4 Rf8 35. Ng6 Rxg6 36. hxg6 Qxg6 37. Rxd5 Qc6 38. Ba2 Kh8 39. Qf4 Be6 40. Rd6 Qc7 41. Rexe6 Nxe6 42. Bxe6 Qc5+ 43. Kg2 Qxa3 44. Bxf5 Qb2+ 45. Kg3 Qa1 46. Rxh6+ gxh6 47. Qxh6+ 1-0

[Event "Montreal CC-ch"]
[Site "Montreal CAN"]
[Date "2025.06.15"]
[Round "5.9"]
[White "Tremblay, Alain"]
[Black "Bertrand, Emerik"]
[Result "1-0"]
[WhiteElo "2082"]
[BlackElo "1181"]
[WhiteFideId "-1"]
[WhiteFideId "-1"]
[PlyCount "91"]
[GameId "2190426689917041"]
[EventDate "2025.06.13"]
[EventType "swiss"]
[EventRounds "5"]
[EventCountry "CAN"]

1. e4 e5 2. Nf3 Nf6 3. Nxe5 d6 4. Nf3 Nxe4 5. d4 d5 6. Bd3 Bf5 7. O-O Bd6 8. c4 c6 9. Nc3 O-O 10. Re1 Nxc3 11. bxc3 Bxd3 12. Qxd3 Nd7 13. cxd5 cxd5 14. Qf5 Nf6 15. Bg5 Be7 16. Rab1 b6 17. Rb5 h6 18. Bxf6 Bxf6 19. Qxd5 Rc8 20. Qxd8 Rfxd8 21. Re3 Re8 22. Rb3 Rxe3 23. fxe3 Kf8 24. Kf2 Ke7 25. Ke2 Kd6 26. e4 Be7 27. e5+ Kd5 28. Kd3 f6 29. c4+ Ke6 30. Rb5 fxe5 31. Nxe5 Bf6 32. Nf3 g6 33. a4 Bd8 34. Re5+ Kd7 35. Rd5+ Ke6 36. Ne5 g5 37. h3 a6 38. Ng4 h5 39. Re5+ Kd6 40. Nh6 Bf6 41. Nf7+ Kd7 42. Rd5+ Ke7 43. Nxg5 Rg8 44. h4 Rc8 45. g3 Rh8 46. a5 1-0

[Event "Montreal CC-ch"]
[Site "Montreal CAN"]
[Date "2025.06.15"]
[Round "5.10"]
[White "Qi, Jason"]
[Black "Di Matteo, Alessio"]
[Result "1-0"]
[WhiteElo "1695"]
[BlackElo "1958"]
[WhiteFideId "-1"]
[WhiteFideId "-1"]
[PlyCount "45"]
[GameId "2190426689896549"]
[EventDate "2025.06.13"]
[EventType "swiss"]
[EventRounds "5"]
[EventCountry "CAN"]

1. e4 e6 2. d4 d5 3. e5 c5 4. c3 Nc6 5. Nf3 Qb6 6. a3 a5 7. Bd3 Bd7 8. Bc2 cxd4 9. cxd4 Nh6 10. b3 Nf5 11. Bb2 Be7 12. h4 a4 13. b4 O-O 14. g4 Nh6 15. Qd3 g6 16. h5 Kg7 17. Bc1 Ng8 18. Bf4 Rfc8 19. Bd2 Qc7 20. Ra2 Na7 21. hxg6 fxg6 22. Rxh7+ Kf8 23. Qxg6 1-0

[Event "Montreal CC-ch"]
[Site "Montreal CAN"]
[Date "2025.06.15"]
[Round "5.11"]
[White "Bain-Thouverez, Aurelien"]
[Black "Blouin, Frederic"]
[Result "1-0"]
[WhiteElo "1754"]
[BlackElo "1651"]
[WhiteFideId "-1"]
[WhiteFideId "-1"]
[PlyCount "51"]
[GameId "2190426689896550"]
[EventDate "2025.06.13"]
[EventType "swiss"]
[EventRounds "5"]
[EventCountry "CAN"]

1. c4 c5 2. Nf3 Nc6 3. g3 Nf6 4. Bg2 e6 5. O-O Be7 6. Nc3 O-O 7. e4 d6 8. d4 cxd4 9. Nxd4 a6 10. Nxc6 bxc6 11. e5 dxe5 12. Bxc6 Rb8 13. Qxd8 Rxd8 14. Rd1 Rxd1+ 15. Nxd1 Bc5 16. Bd2 Rb6 17. Bg2 Rd6 18. Be1 e4 19. b4 Bd4 20. Rc1 Bb7 21. a4 Ng4 22. c5 Rd8 23. c6 Bc8 24. Bxe4 Ne5 25. c7 Rd7 26. Bb7 1-0

[Event "Montreal CC-ch"]
[Site "Montreal CAN"]
[Date "2025.06.15"]
[Round "5.12"]
[White "Kozlov, Guennadi"]
[Black "Cebria, Gabriel"]
[Result "1/2-1/2"]
[WhiteElo "1638"]
[BlackElo "1810"]
[WhiteFideId "-1"]
[WhiteFideId "-1"]
[PlyCount "103"]
[GameId "2190426689900647"]
[EventDate "2025.06.13"]
[EventType "swiss"]
[EventRounds "5"]
[EventCountry "CAN"]

1. e4 d6 2. d4 Nf6 3. Nc3 g6 4. Be3 c6 5. Qd2 b5 6. Bd3 Nbd7 7. Nf3 e5 8. dxe5 Nxe5 9. Nxe5 dxe5 10. O-O Bg7 11. Bh6 O-O 12. Bxg7 Kxg7 13. Qe3 Qc7 14. f3 Be6 15. Ne2 a6 16. c3 c5 17. a4 c4 18. Bc2 Rfd8 19. Rfd1 Rxd1+ 20. Bxd1 Rd8 21. axb5 axb5 22. Bc2 Nd7 23. Rd1 Ra8 24. Nc1 Ra1 25. Kf2 Qc5 26. Qxc5 Nxc5 27. Ke2 h5 28. Ke3 g5 29. h3 h4 30. Ke2 Nd7 31. Kd2 Nf6 32. Ne2 Ra2 33. Kc1 Ra1+ 34. Kd2 Ra7 35. Kc1 Rd7 36. Rxd7 Nxd7 37. Kb1 Kf6 38. Ka2 Nb6 39. Ka3 Bd7 40. Kb4 Ke6 41. b3 Kd6 42. Nc1 Kc6 43. Bd1 Be6 44. Be2 f6 45. Bf1 Bf7 46. Be2 Bg8 47. Bf1 Bf7 48. Be2 Kc7 49. bxc4 bxc4 50. Bd1 Nd7 51. Be2 Nb6 52. Bd1 1/2-1/2

[Event "Montreal CC-ch"]
[Site "Montreal CAN"]
[Date "2025.06.15"]
[Round "5.13"]
[White "Hartner, Rian"]
[Black "Ghaleb, Nathan"]
[Result "1-0"]
[WhiteElo "1826"]
[BlackElo "1375"]
[WhiteFideId "-1"]
[WhiteFideId "-1"]
[PlyCount "45"]
[GameId "2190426689900648"]
[EventDate "2025.06.13"]
[EventType "swiss"]
[EventRounds "5"]
[EventCountry "CAN"]

1. e4 Nf6 2. Nc3 d5 3. exd5 Nxd5 4. Bc4 Nb6 5. Bb3 a5 6. a4 Nc6 7. Nf3 Bf5 8. O-O e6 9. d3 Be7 10. Bf4 g5 11. Bg3 h5 12. Nb5 Rc8 13. Re1 h4 14. Be5 f6 15. Bc3 e5 16. Qe2 Nd7 17. d4 g4 18. dxe5 gxf3 19. Qxf3 Bg6 20. exf6 Rf8 21. Rad1 Bf7 22. fxe7 Nxe7 23. Bg7 1-0

[Event "Montreal CC-ch"]
[Site "Montreal CAN"]
[Date "2025.06.15"]
[Round "5.14"]
[White "Gauvin, Mathieu"]
[Black "Graichi, Younes"]
[Result "0-1"]
[WhiteElo "1319"]
[BlackElo "1644"]
[WhiteFideId "-1"]
[WhiteFideId "-1"]
[PlyCount "84"]
[GameId "2190426689900649"]
[EventDate "2025.06.13"]
[EventType "swiss"]
[EventRounds "5"]
[EventCountry "CAN"]

1. e4 c6 2. Nc3 d5 3. Qf3 dxe4 4. Nxe4 Nf6 5. c3 Nbd7 6. d4 Nxe4 7. Qxe4 Nf6 8. Qc2 Bg4 9. Be2 Bxe2 10. Qxe2 e6 11. Nf3 Bd6 12. O-O Qc7 13. Bg5 h6 14. Bh4 Nd5 15. Bg3 Nf4 16. Qe3 h5 17. Ne5 Bxe5 18. Qxe5 Qxe5 19. dxe5 Ne2+ 20. Kh1 h4 21. Rfe1 Nxg3+ 22. fxg3 hxg3 23. h3 Rh5 24. Re3 Rg5 25. Rd1 Rd8 26. Rxd8+ Kxd8 27. Kg1 Ke7 28. Kf1 Rf5+ 29. Rf3 Rxe5 30. Rxg3 g6 31. Kf2 Kf6 32. Rd3 Rd5 33. Ke2 Rxd3 34. Kxd3 Ke5 35. Ke3 Kf5 36. g3 c5 37. c4 e5 38. a3 a5 39. a4 e4 40. g4+ Ke5 41. h4 f5 42. gxf5 gxf5 0-1

[Event "Montreal op"]
[Site "Montreal CAN"]
[Date "2025.09.03"]
[Round "1.1"]
[White "Sambuev, Bator"]
[Black "Trofimov-Malyshkin, Valentyn"]
[Result "1-0"]
[WhiteElo "2431"]
[BlackElo "1964"]
[WhiteFideId "-1"]
[WhiteFideId "-1"]
[PlyCount "83"]
[GameId "2219080448067724"]
[EventDate "2025.09.03"]
[EventType "swiss"]
[EventRounds "7"]
[EventCountry "CAN"]

1. d4 e6 2. c4 Nf6 3. Nc3 d5 4. cxd5 exd5 5. Bg5 Be7 6. e3 O-O 7. Bd3 c6 8. Qc2 Nbd7 9. Nf3 Re8 10. O-O Nf8 11. h3 Nh5 12. Bxe7 Qxe7 13. Ne5 g6 14. Rae1 Ng7 15. e4 dxe4 16. Nxe4 Be6 17. Qc3 Red8 18. Nc5 Qc7 19. Re3 Bd5 20. f4 f5 21. g4 b6 22. Na6 Qc8 23. Nb4 Rd6 24. Ba6 Qd8 25. Bb7 fxg4 26. Nexc6 Bxc6 27. Nxc6 Rxc6 28. Qxc6 Rb8 29. Qd5+ Qxd5 30. Bxd5+ Kh8 31. hxg4 Rd8 32. Re5 Nd7 33. Re7 Nf6 34. Bf3 Rxd4 35. Rc1 Rxf4 36. Rc8+ Nfe8 37. Kg2 Rb4 38. b3 Rd4 39. Rxa7 b5 40. Bc6 b4 41. Bxe8 Nxe8 42. Rxe8# 1-0

[Event "Montreal op"]
[Site "Montreal CAN"]
[Date "2025.09.03"]
[Round "1.4"]
[White "Ang, Alan"]
[Black "Chiku-Ratte, Olivier-Kenta"]
[Result "0-1"]
[WhiteElo "1938"]
[BlackElo "2319"]
[WhiteFideId "-1"]
[WhiteFideId "-1"]
[PlyCount "74"]
[GameId "2219080448170127"]
[EventDate "2025.09.03"]
[EventType "swiss"]
[EventRounds "7"]
[EventCountry "CAN"]

1. b3 d6 2. Bb2 e5 3. c4 f5 4. d4 e4 5. e3 Nf6 6. Nc3 Be7 7. Nh3 O-O 8. Nf4 c6 9. h4 Na6 10. Be2 Nc7 11. d5 cxd5 12. cxd5 Nd7 13. h5 Ne5 14. h6 g6 15. Qd2 Bf6 16. Kf1 Qe7 17. g3 Nf3 18. Qd1 g5 19. Nh5 Be5 20. Kg2 b5 21. b4 Qf7 22. Qb3 Bb7 23. Rad1 a6 24. Bxf3 exf3+ 25. Kxf3 a5 26. Ke2 axb4 27. Qxb4 Na6 28. Qb3 Nc5 29. Qc2 b4 30. f4 Bxc3 31. Bxc3 bxc3 32. Qxc3 Rxa2+ 33. Ke1 Ba6 34. Rd2 Ne4 35. Qg7+ Qxg7 36. hxg7 Rxd2 37. gxf8=Q+ Kxf8 0-1

[Event "Montreal op"]
[Site "Montreal CAN"]
[Date "2025.09.03"]
[Round "1.5"]
[White "Latorre, Vincent"]
[Black "Duval, Mathieu"]
[Result "1-0"]
[WhiteElo "2319"]
[BlackElo "1929"]
[WhiteFideId "-1"]
[WhiteFideId "-1"]
[PlyCount "91"]
[GameId "2219080448198800"]
[EventDate "2025.09.03"]
[EventType "swiss"]
[EventRounds "7"]
[EventCountry "CAN"]

1. e4 c6 2. d4 d5 3. e5 Bf5 4. Nf3 e6 5. Nbd2 c5 6. Bb5+ Nc6 7. c4 dxc4 8. Nxc4 cxd4 9. O-O Bc5 10. Qa4 Be4 11. Nfd2 Bd5 12. Nb3 Bb6 13. Bd2 Nge7 14. Nd6+ Kf8 15. Nxb7 Qb8 16. N7c5 Nxe5 17. Qxd4 Bc7 18. Be2 Qe8 19. a4 Rd8 20. Qc3 Qc6 21. Qh3 Qa8 22. Rac1 Kg8 23. Bg5 Bd6 24. Nd4 h6 25. Be3 N7g6 26. Nb5 Bb8 27. Na6 Qb7 28. Nxb8 Qxb8 29. f4 a6 30. Nc3 Nc4 31. Nxd5 exd5 32. Bxc4 dxc4 33. Rxc4 Qxb2 34. f5 Ne5 35. Rc7 Qb8 36. Ra7 Nc6 37. Rxa6 Ne7 38. f6 Ng6 39. fxg7 Kxg7 40. Raf6 Rdf8 41. Bc5 Qe5 42. Bxf8+ Rxf8 43. Qd7 Qe3+ 44. Kh1 Ne5 45. Qd5 Qg5 46. R6f5 1-0